| 000 | 00466nam a2200193Ia 4500 | ||
|---|---|---|---|
| 003 | OSt | ||
| 005 | 20230427104839.0 | ||
| 008 | 210423s2011 xx 000 0 und d | ||
| 020 | _a9788122431551 | ||
| 040 | _cAL | ||
| 041 | _aeng | ||
| 082 |
_a519.5 _223 _bCHAS |
||
| 100 |
_aCHAKRAVARTY (S K). _993774 |
||
| 245 | _aBusiness statistics. | ||
| 260 |
_aNew Delhi _bNew Age International _c2011 |
||
| 300 |
_ax,787 _bPB |
||
| 365 |
_b375 _cINR |
||
| 942 |
_2ddc _cBK |
||
| 999 |
_c161179 _d161179 |
||